000 02041cam a2200145 4500500
005 20250921003246.0
041 _afre
042 _adc
100 1 0 _aAugé, Jacques
_eauthor
700 1 0 _a Scherrmann, Marie-Christine
_eauthor
245 0 0 _aChimie verte : Concepts et applications
260 _bEDP Sciences,
_c2016.
520 _aSe fondant sur les principes de Chimie Verte, Jacques Augé et Marie-Christine Scherrmann, tous deux de formation Ingénieur, montrent comment les concepts de Chimie Verte peuvent nous conduire à élaborer une chimie innovante avec des objectifs économiques, environnementaux et éthiques, donnant au chimiste une place prépondérante dans la Société. Les réactions décrites dans cet ouvrage mettent en exergue l’économie d’atomes, la prévention des déchets, la recherche de catalyseurs efficaces, l’optimisation du milieu réactionnel, des réactifs et des procédés, l’efficacité du traitement post-réactionnel.Les auteurs soulignent les améliorations apportées à la «vertitude» des procédés grâce à de nouveaux catalyseurs, des solvants alternatifs et des procédés non conventionnels, permettant de rendre plus sûres les transformations chimiques et de réduire au maximum le rejet de substances toxiques. Ils suggèrent même quelques pistes pour le futur en précisant les faiblesses actuelles, mais aussi les avancées majeures vers une chimie pleinement respectueuse de l’environnement.Des progrès restent à accomplir permettant auxjeunes chimistes à qui s’adressent ce livre, étudiants de Grandes Écoles, de Master, doctorants, chercheurs,enseignants, de déployer leur imagination vers de nouveaux concepts pour de nouvelles applications avecdes objectifs ambitieux clairement définis. Les auteurs proposent aussi au lecteur 25 exercices intégrés aux différents chapitres afin que celui-ci puissevérifier que les concepts sont bien acquis.
856 4 1 _uhttps://shs.cairn.info/chimie-verte--9782759809769?lang=fr&redirect-ssocas=7080
999 _c1506148
_d1506148